<?xml version="1.0" encoding="UTF-8"?>
<collection xmlns="http://www.loc.gov/MARC21/slim">
 <record>
  <leader>01174nam a22003017a 4500</leader>
  <controlfield tag="001">35030</controlfield>
  <controlfield tag="003">BD-DhAAL</controlfield>
  <controlfield tag="005">20190801161533.0</controlfield>
  <controlfield tag="008">190801r20182005bg            000 1 ben d</controlfield>
  <datafield tag="999" ind1=" " ind2=" ">
   <subfield code="c">41004</subfield>
   <subfield code="d">41004</subfield>
  </datafield>
  <datafield tag="020" ind1=" " ind2=" ">
   <subfield code="a">9848683739</subfield>
  </datafield>
  <datafield tag="040" ind1=" " ind2=" ">
   <subfield code="a">BD-DhAAL</subfield>
  </datafield>
  <datafield tag="041" ind1=" " ind2=" ">
   <subfield code="a">ben</subfield>
  </datafield>
  <datafield tag="042" ind1=" " ind2=" ">
   <subfield code="a">lcode</subfield>
  </datafield>
  <datafield tag="082" ind1=" " ind2=" ">
   <subfield code="a">891.44371</subfield>
  </datafield>
  <datafield tag="100" ind1="1" ind2=" ">
   <subfield code="a">আহমেদ, হুমায়ূন,</subfield>
   <subfield code="d">১৯৪৮-২০১২</subfield>
   <subfield code="9">6691</subfield>
  </datafield>
  <datafield tag="245" ind1="1" ind2="0">
   <subfield code="a">আগুনের পরশমণি /</subfield>
   <subfield code="c">হুমায়ূন আহমেদ</subfield>
  </datafield>
  <datafield tag="246" ind1=" " ind2=" ">
   <subfield code="a">Aguner parashmoni</subfield>
  </datafield>
  <datafield tag="260" ind1=" " ind2=" ">
   <subfield code="a">ঢাকা :</subfield>
   <subfield code="b">অন্যপ্রকাশ,</subfield>
   <subfield code="c">২০০৫ [তৃতীয় মুদ্রণ ২০১৮]</subfield>
  </datafield>
  <datafield tag="300" ind1=" " ind2=" ">
   <subfield code="a">১০২ পৃষ্ঠা ;</subfield>
   <subfield code="c">২২ সে.মি.</subfield>
  </datafield>
  <datafield tag="500" ind1=" " ind2=" ">
   <subfield code="a">Novel.</subfield>
  </datafield>
  <datafield tag="526" ind1=" " ind2=" ">
   <subfield code="a">AAL</subfield>
  </datafield>
  <datafield tag="541" ind1=" " ind2=" ">
   <subfield code="a">Development Book Agency</subfield>
   <subfield code="e">35030</subfield>
  </datafield>
  <datafield tag="546" ind1=" " ind2=" ">
   <subfield code="a">In Bengali.</subfield>
  </datafield>
  <datafield tag="651" ind1=" " ind2="0">
   <subfield code="a">Bangladesh</subfield>
   <subfield code="x">Fiction</subfield>
   <subfield code="9">6692</subfield>
  </datafield>
  <datafield tag="852" ind1=" " ind2=" ">
   <subfield code="a">Ayesha Abed Library</subfield>
   <subfield code="c">General Stacks</subfield>
  </datafield>
  <datafield tag="942" ind1=" " ind2=" ">
   <subfield code="2">ddc</subfield>
   <subfield code="c">BK</subfield>
  </datafield>
  <datafield tag="952" ind1=" " ind2=" ">
   <subfield code="0">0</subfield>
   <subfield code="1">0</subfield>
   <subfield code="2">ddc</subfield>
   <subfield code="4">0</subfield>
   <subfield code="6">891_443710000000000_AHM</subfield>
   <subfield code="7">0</subfield>
   <subfield code="9">65881</subfield>
   <subfield code="a">BRACUL</subfield>
   <subfield code="b">BRACUL</subfield>
   <subfield code="c">GEN</subfield>
   <subfield code="d">2019-07-24</subfield>
   <subfield code="e">Development Book Agency</subfield>
   <subfield code="g">176.00</subfield>
   <subfield code="l">31</subfield>
   <subfield code="m">136</subfield>
   <subfield code="o">891.44371 AHM</subfield>
   <subfield code="p">3010035030</subfield>
   <subfield code="r">2026-04-22</subfield>
   <subfield code="s">2026-04-07</subfield>
   <subfield code="t">1</subfield>
   <subfield code="v">176.00</subfield>
   <subfield code="w">2019-07-24</subfield>
   <subfield code="y">BK</subfield>
  </datafield>
 </record>
</collection>
